000 00332cam a22001097a 4500
008 180718b1974 xxu||||| |||| 00| 0 eng d
082 _aA75 M264D
100 _aShrivastava, P.N.
245 _aMadhya Pradesh district gazetteers: Damoh
_cby P.N. Shrivastava
260 _aBhopal
_bDistrict Gazetteers Department
_c1974
300 _a473+p.
999 _c487061
_d487061